| 000 | 00713nam a2200229 4500 | ||
|---|---|---|---|
| 001 | 123912 | ||
| 003 | ES-MaACL | ||
| 005 | 20240531062943.0 | ||
| 007 | t| | ||
| 008 | 070214s1977 sp r ||||1| spa d | ||
| 020 | _a84-85199-20-0 | ||
| 100 | 1 |
_aRamírez, Manuel, _d1940-2015 _9172029 |
|
| 245 | 1 | 4 |
_aLas reformas de la II República / _cManuel Ramírez Jiménez. |
| 250 | _a1ª ed. | ||
| 260 |
_aMadrid : _bJúcar, _c1977. |
||
| 300 |
_a229 p. ; _c21 cm. |
||
| 490 | 1 |
_aTemas de ciencias sociales ; _v15 |
|
| 651 | 0 |
_aEspaña- _xHistoria- _y1931-1939, II República. _98283 |
|
| 830 | 1 |
_aTemas de ciencias sociales ; _v15 _9183568 |
|
| 852 |
_aES-MaACL _jA-7366 |
||
| 999 |
_c123912 _d123912 |
||